000 01728nam a22004217a 4500
003 CHAP
005 20220329143736.0
008 110520s2011 mx r 00010 spa d
010 _a101255
011 _a102227
035 _a112915
040 _cCHAP
090 _aTesis
100 1 _aHernández Archundia, Francisco Javier.
_953812
245 1 0 _aUso integral de recursos agroforestales :
_bsuplementación de harina de vaina de mezquite (Prosopis laevigata) en la producción de hongos seta (Pleurotus ostreatus)
_h[En línea]
_c/por Francisco Javier Hernández Archundia
260 _aChapingo, Méx. :
_bEl autor,
_c2011
500 _aPara ver el contenido del material haga clic en la liga
502 _aTesis (M.C. en Agroforestería para el Desarrollo Sostenible) -- UACH. Departamento de Suelos
590 _aALEPH
_b10
_c20130110
_lUCH01
_h1540
590 _aBATCH-UPD
_b10
_c20130110
_lUCH01
_h1146
590 _aBATCH-UPD
_b10
_c20130410
_lUCH01
_h0731
590 _aBATCH-UPD
_b10
_c20130914
_lUCH01
_h1602
590 _aBATCH-UPD
_b10
_c20140324
_lUCH01
_h1525
590 _aBATCH-UPD
_b10
_c20141002
_lUCH01
_h0849
590 _aCONVERSION
_b10
_c20130109
_lUCH01
_h1356
650 1 4 _aHarina de mezquite.
_952716
650 1 4 _aHongos comestibles.
_956124
650 1 4 _aPleurotus ostreatus.
_989176
650 1 4 _aProsopis.
_992429
650 1 4 _aRecursos forestales.
_995025
650 1 4 _aSustratos.
_9110789
650 1 4 _aVainas.
_9117191
856 _3Finding aid
_uhttp://10.13.5.2/tesis/112915.pdf
_zTeclea aqui
901 _aBK
942 _cFOLL
949 _aTesis
_bBC
_cTES
_d33724002251413
_eTS1
_gDonaciØn
_h52251
_i112915
_st
949 _aTesis
_bBC
_cTES
_d33724002251454
_eTS2
_fc.2
_gDonaciØn
_h52252
_i112915
_st
999 _c101255
_d101255